Представление документа в формате MARC21

Поле Инд. ПП Название Значение
Тип записи a
Библиографический уровень m
001 Контрольный номер 82251b96-3c08-4b51-a874-29a45703b318
005 Дата корректировки 20230502093929.9
008 Кодируемые данные 020318
040 a Служба первич. каталог. НБ ТвГУ
041 0_ a Код языка текста rus
080 a Индекс УДК 784.4.087.684
084 a Индекс другой классификации/Индекс ББК Щ941.1-092(2РОС=411.2)
090 x Авторский знак Р89
a Полочн. индекс 78М
245 10 a Заглавие Русские народные песни
b Продолж. заглавия [Сборник]
c Ответственность Гармонизация А. Лядова; Обраб. для смеш. хора А. Сапожникова
260 0_ a Место издания Москва
b Издательство Музгиз
c Дата издания 1937
300 a Объем 19 с.
650 04 a Основная рубрика Музыкальные произведения
x Основная подрубрика Нотные издания
650 04 a Основная рубрика Музыка вокальная
x Основная подрубрика Песни народные русские
650 04 a Основная рубрика Хор смешанный
653 0_ a Ключевые слова Музыкальные произведения
a Ключевые слова Вокальная музыка
a Ключевые слова Хор
a Ключевые слова Смешанный хор
a Ключевые слова Песни
a Ключевые слова Русские народные песни
a Ключевые слова Народные песни
a Ключевые слова Ноты
a Ключевые слова Ноты
700 1_ a Другие авторы Лядов А.
e Роль лиц авт. гармонизации
700 1_ a Другие авторы Сапожников А.
e Роль лиц обраб.
852 41 i Расстановочный признак Проверка 2023
920 a Оператор Семен
930 a Новая/Ретро ноты
952 c Вид литературы К ру
954 a Дата поступления на обработку 20020325
e Дата перешифровки 20230502